|
|
|
|
| LEADER |
00000ntm a22000007u 4500 |
| 001 |
zp3509 |
| 041 |
|
|
|a cze
|
| 100 |
1 |
|
|a Letochová, Kateřina
|4 dis
|
| 245 |
1 |
0 |
|a Optimalizace výrobních procesů ve firmě OSO s.r.o.
|
| 246 |
|
|
|a Optimalization of production processes in the OSO s.r.o. company
|
| 260 |
|
|
|c 2006
|
| 300 |
|
|
|a 89 s., 5 s. obr. příloh
|
| 500 |
|
|
|a Studijní obor: Podniková ekonomika
|
| 500 |
|
|
|a Studijní obor: Enterprise Economics
|
| 500 |
|
|
|a Ústav: Ústav podnikové ekonomiky
|
| 500 |
|
|
|a Univerzita Tomáše Bati ve Zlíně. Fakulta managementu a ekonomiky
|
| 500 |
|
|
|a Tomas Bata University in Zlín. Faculty of Management and Economics
|
| 506 |
|
|
|a Práce bude přístupná pouze v rámci univerzity od 09.05.2036
|
| 653 |
|
|
|a kvalita
|
| 653 |
|
|
|a kontrola
|
| 653 |
|
|
|a ziskovost
|
| 653 |
|
|
|a efektivita
|
| 653 |
|
|
|a investice
|
| 653 |
|
|
|a údržba
|
| 653 |
|
|
|a standardy
|
| 653 |
|
|
|a optimalizace
|
| 653 |
|
|
|a quality
|
| 653 |
|
|
|a check
|
| 653 |
|
|
|a profitability
|
| 653 |
|
|
|a efficiency
|
| 653 |
|
|
|a investment
|
| 653 |
|
|
|a maintenance
|
| 653 |
|
|
|a standards
|
| 653 |
|
|
|a optimalization
|
| 655 |
|
4 |
|a diplomová práce
|
| 700 |
1 |
|
|a Tuček, David
|4 ths
|
| 710 |
2 |
|
|a Univerzita Tomáše Bati ve Zlíně. Fakulta managementu a ekonomiky
|4 dgg
|
| 710 |
2 |
|
|a Tomas Bata University in Zlín. Faculty of Management and Economics
|4 dgg
|
| 856 |
4 |
0 |
|u http://hdl.handle.net/10563/2379
|y Plný text v Digitální knihovně UTB
|